Normal view
MARC view
- Pearce II,John A/Richard B.Robinson, Jr
Entry Personal Name
001 - CONTROL NUMBER
- control field: 599
003 - CONTROL NUMBER IDENTIFIER
- control field: JO-AjAnu
005 - DATE AND TIME OF LATEST TRANSACTION
- control field: 20230606070414.0
008 - FIXED-LENGTH DATA ELEMENTS
- fixed length control field: 230606|| aca||aabn | a|a d
040 ## - CATALOGING SOURCE
- Original cataloging agency: JO-AjAnu
- Transcribing agency: JO-AjAnu
100 ## - HEADING--PERSONAL NAME
- Personal name: Pearce II,John A/Richard B.Robinson, Jr
670 ## - SOURCE DATA FOUND
- Source citation: Work cat.: (JO-AjAnu)316: Pearce II,John A/Richard B.Robinson, Jr, author, Formulation,Implementation, and Control of Competitive Strategy